000 00788cam a22002295a 4500
001 L159030
008 150226s2015 xxk f 000 0 eng d
035 _a(Sirsi) u159030
041 0 _aeng
110 2 _aHooper, Brendon
_96168
245 0 2 _aA degree of success
260 _c2015
490 _aModus
_vDecember 2015 - January 2016, 36-37 (2)
520 _aLooks into the growing UK's student housing market and the lack of supply of purpose-built student accommodation (PBSA). Collates the data from Knight Frank's Student Property Index and JLL's London Student Housing Insights report.
590 _aKA
650 2 4 _aSTUDENT HOUSING
650 2 4 _aPLANNING POLICY
650 2 4 _aINVESTMENT
651 4 _aUnited Kingdom
690 _aResidential property
_96266
942 _n0
999 _c84781
_d84781